000 00203 a2200097 4500
020 _a0516515861
041 _aspa
100 _aMary Blocksma
245 _aChirrinchinchina que hay en la Tina
942 _cBK
999 _c15203
_d15203